Loading...
Enemies: A history of the FBI
| Main Author: | |
|---|---|
| Format: | Printed Book |
| Published: |
England:
Penguin Books,
2012.
|
| Subjects: |
| LEADER | 00460nam a22001457a 4500 | ||
|---|---|---|---|
| 020 | |a 9781846143267 | ||
| 082 | |a 363.25 |b WEI/E | ||
| 100 | |a Weiner,Tim | ||
| 245 | |a Enemies: A history of the FBI | ||
| 260 | |a England: |b Penguin Books, |c 2012. | ||
| 300 | |a 537p | ||
| 650 | |a World War | ||
| 942 | |c BK | ||
| 999 | |c 40283 |d 40283 | ||
| 952 | |0 0 |1 0 |4 0 |6 363_250000000000000_WEIE |7 0 |8 Stack |9 43134 |a KUCL |b KUCL |c Stack |d 2016-06-30 |g 599.00 |l 0 |o 363.25 WEI/E |p 41490 |r 2016-06-30 |w 2016-06-30 |y BK | ||